Principios de comunicación persuasiva / (رقم التسجيلة. 125852)
[ عرض عادي ]
| 000 -LEADER | |
|---|---|
| fixed length control field | 01036cam a2200325 a 4500 |
| 008 - FIXED-LENGTH DATA ELEMENTS--GENERAL INFORMATION | |
| fixed length control field | 120724s2005 sp b f000 0 spa d |
| 020 ## - INTERNATIONAL STANDARD BOOK NUMBER | |
| International Standard Book Number | 9788476356159 |
| 040 ## - CATALOGING SOURCE | |
| Original cataloging agency | EG-GiCUC |
| Language of cataloging | spa |
| Transcribing agency | EG-GiCUC |
| 092 04 - LOCALLY ASSIGNED DEWEY CALL NUMBER (OCLC) | |
| Classification number | 302.2 |
| Item number | S2353 |
| Edition number | 21 |
| 099 ## - LOCAL FREE-TEXT CALL NUMBER (OCLC) | |
| Classification number | 04 |
| -- | 302.2 S2353 |
| 100 1# - MAIN ENTRY--PERSONAL NAME | |
| Personal name | Santiago Guervos, Javier de. |
| 245 13 - TITLE STATEMENT | |
| Title | Principios de comunicación persuasiva / |
| Statement of responsibility, etc. | Javier de Santiago Guervos. |
| 250 ## - EDITION STATEMENT | |
| Edition statement | 1. ed. |
| 260 ## - PUBLICATION, DISTRIBUTION, ETC. | |
| Place of publication, distribution, etc. | Madrid: |
| Name of publisher, distributor, etc. | Arco/Libros, |
| Date of publication, distribution, etc. | 2005. |
| 300 ## - PHYSICAL DESCRIPTION | |
| Extent | 93 p. ; |
| Dimensions | 22 cm. |
| 490 1# - SERIES STATEMENT | |
| Series statement | Cuadernos de lengua española; |
| Volume/sequential designation | 86. |
| 504 ## - BIBLIOGRAPHY, ETC. NOTE | |
| Bibliography, etc. note | Includes bibliographical references (p. [91]-93). |
| 650 #0 - SUBJECT ADDED ENTRY--TOPICAL TERM | |
| Topical term or geographic name entry element | Communication. |
| 650 #0 - SUBJECT ADDED ENTRY--TOPICAL TERM | |
| Topical term or geographic name entry element | Persuasion (Psychology). |
| 650 #0 - SUBJECT ADDED ENTRY--TOPICAL TERM | |
| Topical term or geographic name entry element | Persuasion (Rhetoric). |
| 653 ## - INDEX TERM--UNCONTROLLED | |
| Uncontrolled term | Comunicación. |
| 653 ## - INDEX TERM--UNCONTROLLED | |
| Uncontrolled term | Persuasión (Psicología). |
| 653 ## - INDEX TERM--UNCONTROLLED | |
| Uncontrolled term | Persuasión (Retórica). |
| 830 #0 - SERIES ADDED ENTRY--UNIFORM TITLE | |
| Uniform title | Cuadernos de lengua española; |
| Volume/sequential designation | 86. |
| 902 ## - LOCAL DATA ELEMENT B, LDB (RLIN) | |
| No. of Items | 1 |
| 905 ## - LOCAL DATA ELEMENT E, LDE (RLIN) | |
| Cataloger | Jamal |
| Reviser | Cat. |
| 905 ## - LOCAL DATA ELEMENT E, LDE (RLIN) | |
| Cataloger | Jihan |
| Reviser | Rev. |
| 942 ## - ADDED ENTRY ELEMENTS (KOHA) | |
| Source of classification or shelving scheme | Dewey Decimal Classification |
| Koha item type | Books |
| Source of classification or shelving scheme | Not for loan | Home library | Current library | Date acquired | Full call number | Barcode | Date last seen | Copy number | Koha item type |
|---|---|---|---|---|---|---|---|---|---|
| Dewey Decimal Classification | المكتبة المركزبة الجديدة - جامعة القاهرة | قاعة الثقاقات الاجنبية - الدور الثالث | 11.02.2024 | 302.2 S2353 Spa. | 01000116001955000 | 05.07.2024 | C.1 | Books |